Compelled to Collect (Record no. 213425)

MARC details
000 -LEADER
fixed length control field 00718nam a22002177a 4500
005 - DATE AND TIME OF LATEST TRANSACTION
control field 20250912145359.0
010 ## - LCCN (DPL NO)
LC control number ENG-146844
020 ## - INTERNATIONAL STANDARD BOOK NUMBER
International Standard Book Number 9788178246956
Terms of availability 1095.00
035 ## - SYSTEM CONTROL NUMBER
System control number EN-130376
037 ## - SOURCE OF ACQUISITION
Source of stock number/acquisition DBAD
082 ## - DEWEY DECIMAL CLASSIFICATION NUMBER
Classification number 954.32
100 ## - MAIN ENTRY--PERSONAL NAME
Personal name Venkateswaran, Mrinalini
245 ## - TITLE STATEMENT
Title Compelled to Collect
Remainder of title Museums and the race for india's national past/
Statement of responsibility, etc Mrinalini Venkateswaran
260 ## - PUBLICATION, DISTRIBUTION, ETC. (IMPRINT)
Place of publication, distribution, etc Ranikhet
Name of publisher, distributor, etc Parmanant black
270 ## - ADDRESS
Address 'Himalayana' Mall Road, Ranikhet cantt
City Ranikhet
Postal code 263645
300 ## - PHYSICAL DESCRIPTION
Extent 280p.
Dimensions 23(hb)
490 ## - SERIES STATEMENT
Series statement Hedgehog and Fox, History and Politics Series
700 ## - ADDED ENTRY--PERSONAL NAME
Personal name Mukherjee, Rudrangshu
Relator term Editor
9 (RLIN) 85036
760 ## - MAIN SERIES ENTRY
Edition 1
942 ## - ADDED ENTRY ELEMENTS (KOHA)
Source of classification or shelving scheme Dewey Decimal Classification
Item type English Books
Classification part 954.32
Call number suffix VEN
Holdings
Withdrawn status Lost status Not for loan Collection code Home library Current library Date acquired Source of acquisition Cost, normal purchase price Full call number Barcode Cost, replacement price Koha item type
      Non-fiction Sarojini Nagar Sarojini Nagar 12/09/2025 DBAD 1095.00 954.32 VEN EN-130376 1095.00 English Books

© Delhi Public Library
Hit Counter
free hit counter